000
00327nam a22001337a 4500
008
170524b xxu||||| |||| 00| 0 eng d
020
_a
9780471022954
041
_a
eng
080
_2
2ND
_a
621.3
100
_a
26
101
_a
IM
245
_a
PRINCIPLES OF ELECTRIC MACHINES AND POWER ELECTRONICS
_c
SEN, P.C
942
_2
udc
_c
BK
999
_c
14070
_d
14070